Advances in offshore oil & gas pipeline technology / (Record no. 548495)
[ view plain ]
| 000 -LEADER | |
|---|---|
| fixed length control field | 00626cam a2200169 a 4500 |
| 082 00 - DEWEY DECIMAL CLASSIFICATION NUMBER | |
| Classification number | 665.744 |
| Author Mark | ADV |
| -- | L-37, P-149 |
| 245 00 - TITLE STATEMENT | |
| Title | Advances in offshore oil & gas pipeline technology / |
| Statement of responsibility, etc. | edited by R. F. de la Mare. |
| 260 ## - PUBLICATION, DISTRIBUTION, ETC. | |
| Place of publication, distribution, etc. | Houston : |
| Name of publisher, distributor, etc. | Gulf Pub. Co., |
| Date of publication, distribution, etc. | 1985. |
| 300 ## - PHYSICAL DESCRIPTION | |
| Extent | ix, 383 p. : |
| Other physical details | ill. ; |
| Dimensions | 25 cm. |
| 526 ## - STUDY PROGRAM INFORMATION NOTE | |
| Program name | 0 |
| Interest level | 0 |
| Reading level | 0 |
| Title point value | 665_744000000000000_ADV |
| 650 #0 - SUBJECT ADDED ENTRY--TOPICAL TERM | |
| Topical term or geographic name entry element | MCE |
| 9 (RLIN) | 379 |
| 650 #0 - SUBJECT ADDED ENTRY--TOPICAL TERM | |
| Topical term or geographic name entry element | Natural gas pipelines |
| General subdivision | Congresses. |
| 9 (RLIN) | 44822 |
| 650 #0 - SUBJECT ADDED ENTRY--TOPICAL TERM | |
| Topical term or geographic name entry element | Petroleum pipelines |
| General subdivision | Congresses. |
| 9 (RLIN) | 44823 |
| 650 #0 - SUBJECT ADDED ENTRY--TOPICAL TERM | |
| Topical term or geographic name entry element | Underwater pipelines |
| General subdivision | Design and construction |
| -- | Congresses. |
| 9 (RLIN) | 44824 |
| 700 1# - ADDED ENTRY--PERSONAL NAME | |
| Personal name | De la Mare, R. F. |
| 9 (RLIN) | 44825 |
| 942 ## - ADDED ENTRY ELEMENTS (KOHA) | |
| Source of classification or shelving scheme | |
| Koha item type | Book |
| Withdrawn status | Lost status | Source of classification or shelving scheme | Damaged status | Not for loan | Permanent Location | Current Location | Date acquired | Total Checkouts | Full call number | Barcode | Date last seen | Price effective from | Koha item type |
|---|---|---|---|---|---|---|---|---|---|---|---|---|---|
| Military College of Engineering (MCE) | Military College of Engineering (MCE) | 08/28/2014 | 665.744 ADV | MCE-28865 | 08/28/2014 | 08/28/2014 | Book |
